000 00718nam a2200229 i 4500
001 97213
003 ES-MaACL
005 20250928113710.0
007 t|
008 050708s1952 sp ||||1| spa d
100 1 _aMaraini, Fosco.
_976297
245 1 3 _aEl desconocido Tibet /
_cFosco Maraini; [traducción del italiano por Noel Clarasó].
250 _a[1ª ed.].
260 _aBarcelona :
_bAymá,
_c1952.
300 _a1 lám., 255 p., lám. 1-60 ;
_c22 cm.
490 1 _aLos caminos de la vida
651 7 _aTíbet-
_xDescripción
_2
_9158287
700 1 _aClarasó, Noel,
_d1899-1985
_939003
830 0 4 _aLos caminos de la vida
_9182340
852 _aES-MaACL
_jD-8028
999 _c97213
_d97213